000 01318cam a2200361 i 4500
001 18516713
005 20221011122720.0
008 150305s2015 enk b 001 0 eng
010 _a 2014042317
020 _a9781472444424 (hardback : alk. paper)
020 _z9781472444431 (ebook)
020 _z9781472444448 (epub)
040 _aDLC
_beng
_cDLC
_erda
_dDLC
042 _apcc
043 _an-us---
_aa-cc---
050 0 0 _aE183.8.C5
_bW34135 2015
082 0 0 _a327.73051
_bWAN
100 1 _aWang, Chi,
_d1932-
_eauthor.
_999867
245 1 0 _aObama's challenge to China :
_bthe pivot to Asia /
_cChi Wang.
264 1 _aFarnham, Surrey :
_bAshgate,
_c[2015]
300 _avi, 321 pages ;
_c24 cm
336 _atext
_btxt
_2rdacontent
337 _aunmediated
_bn
_2rdamedia
338 _avolume
_bnc
_2rdacarrier
504 _aIncludes bibliographical references (pages 295-309) and index.
600 1 0 _aObama, Barack.
_913165
651 0 _aUnited States
_xForeign relations
_zChina.
_951990
651 0 _aChina
_xForeign relations
_zUnited States.
_951991
651 0 _aUnited States
_xForeign relations
_y2009-
_913168
906 _a7
_bcbc
_corignew
_d1
_eecip
_f20
_gy-gencatlg
942 _2ddc
_cBK
999 _c591678
_d591678